Rapid Agricultural Disaster Assessment Routine (RADAR) / (Record no. 15519)

000 -LEADER
fixed length control field 01202cam a2200265Ia 4500
020 ## - INTERNATIONAL STANDARD BOOK NUMBER
ISBN 9789251060032
020 ## - INTERNATIONAL STANDARD BOOK NUMBER
ISBN 9251060037
040 ## - CATALOGING SOURCE
Transcribing agency TULAW
082 ## - DEWEY DECIMAL CLASSIFICATION NUMBER
Classification number 338 FOO 2008 A077 Or.
245 00 - TITLE STATEMENT
Title Rapid Agricultural Disaster Assessment Routine (RADAR) /
246 3# - VARYING FORM OF TITLE
Title proper/short title RADAR
260 ## - PUBLICATION, DISTRIBUTION, ETC. (IMPRINT)
Place of publication Rome :
Name of publisher Food and Agriculture Organization of the United Nations,
Year of publication 2008.
300 ## - PHYSICAL DESCRIPTION
Number of Pages x, 77 p. :
Other physical details ill., maps (some col.) ;
Dimensions 25 cm.
490 1# - SERIES STATEMENT
Series statement Environment and natural resources management series,
520 ## - SUMMARY, ETC.
Summary, etc This publication introduces RADAR, a rapid disaster impact assessment tool for agriculture. Successful implementation of RADAR could improve disaster preparedness, facilitate timely relief operations and integrate risk and hazard awareness into longer-term agricultural development planning--Publisher's description.
650 #0 - SUBJECT ADDED ENTRY--TOPICAL TERM
Topical Term Agricultural productivity
650 #0 - SUBJECT ADDED ENTRY--TOPICAL TERM
Topical Term Emergency management
650 #0 - SUBJECT ADDED ENTRY--TOPICAL TERM
Topical Term Disaster relief
650 #0 - SUBJECT ADDED ENTRY--TOPICAL TERM
Topical Term Natural disasters
650 #0 - SUBJECT ADDED ENTRY--TOPICAL TERM
Topical Term Environmental impact analysis.
700 1# - ADDED ENTRY--PERSONAL NAME
Personal name Borgia, Andrea.
710 2# - ADDED ENTRY--CORPORATE NAME
Corporate name or jurisdiction name as entry element Food and Agriculture Organization of the United Nations.
856 11 - ELECTRONIC LOCATION AND ACCESS
Uniform Resource Identifier ftp://ftp.fao.org/docrep/fao/011/i0183e/i0183e.pdf
942 ## - ADDED ENTRY ELEMENTS (KOHA)
Koha item type សៀវភៅភាសាអង់គ្លេស
952 ## - LOCATION AND ITEM INFORMATION (KOHA)
Withdrawn status [LOCAL, KOHA] 0
Holdings
Permanent Location Date acquired Koha item type Lost status Shelving location Barcode Current Location Full call number
Library Block A2017-11-28សៀវភៅភាសាអង់គ្លេស A077A27800Library Block A338 FOO 2008 A077 Or.
មជ្ឈមណ្ឌលឯការនៃសាកលវិទ្យាល័យភូមិន្ទកសិកម្មចំការដូង

Powered by Koha